Wszystkie miasta województwa kujawsko-pomorskiego na mapie - Statystyki

Ogólne statystyki
  • Ten quiz został rozwiązany 8 354 razy
    5 916 od ostatniego zresetowania
  • Średni wynik to 25 z 56
Odpowiedzi na mapie
Odpowiedzi zakodowano w zielono-czerwonej skali na mapie do tego quizu, zgodnie z poniższymi procentami.
 
Statystyki odpowiedzi
Miasto % Poprawnych
Bydgoszcz
98%
Toruń
98%
Włocławek
88%
Inowrocław
85%
Grudziądz
84%
Aleksandrów Kujawski
66%
Brodnica
63%
Świecie
63%
Chełmno
62%
Nakło nad Notecią
60%
Tuchola
60%
Żnin
59%
Ciechocinek
57%
Golub-Dobrzyń
57%
Rypin
56%
Solec Kujawski
55%
Mogilno
53%
Lipno
52%
Wąbrzeźno
49%
Chełmża
48%
Sępólno Krajeńskie
48%
Radziejów
45%
Kruszwica
43%
Koronowo
42%
Kowal
42%
Nowe
39%
Brześć Kujawski
38%
Szubin
36%
Barcin
34%
Janikowo
34%
Gniewkowo
33%
Jabłonowo Pomorskie
33%
Kowalewo Pomorskie
33%
Dobrzyń nad Wisłą
32%
Kamień Krajeński
32%
Pakość
32%
Piotrków Kujawski
32%
Strzelno
32%
Izbica Kujawska
31%
Kcynia
31%
Więcbork
31%
Nieszawa
30%
Łabiszyn
29%
Mrocza
29%
Pruszcz
29%
Janowiec Wielkopolski
28%
Kikół
28%
Radzyń Chełmiński
28%
Lubień Kujawski
27%
Gąsawa
26%
Skępe
26%
Bobrowniki
25%
Chodecz
25%
Górzno
25%
Łasin
25%
Lubraniec
25%
Nie znaleziono quizów pasujących do podanych kryteriów
Rozkład punktacji
Procent ludzi z każdym wynikiem
Percentyl według liczby udzielonych odpowiedzi
Twoja historia wyników
Nie rozwiązałeś tego quizu od ostatniego zresetowania